| 000 | 00000nam##2200000za#4500 |
| 001 | 9.615878 |
| 003 | CaOODSP |
| 005 | 20210929082757 |
| 007 | ta |
| 008 | 150406|2002||||xxc||||| f|0| 0 eng|d |
| 020 | |a0-662-31551-0 |
| 022 | |a0830-0453 |
| 040 | |aCaOODSP|beng |
| 043 | |an-cn--- |
| 086 | 1 |aFo46-17/392E |
| 110 | 1 |aCanada. |bNatural Resources Canada. |bCanadian Forest Service. |
| 245 | 10|aLine transect sampling to estimate the density of lodgepole pine currently attacked by mountain pine beetle / |cby L. Safranyik and D. A. Linton. |
| 260 | |aVictoria - British Columbia : |bNatural Resources Canada. |c2002. |
| 300 | |aiv, 10p. : |bgraphs, references, tables ; |c28 cm. |
| 490 | 1 |aInformation report. [BC-X series]|x0830-0453|vBC-X-392 |
| 563 | |aSoftcover |
| 590 | |a02-19|b2002-05-10 |
| 690 | 07|aForestry|2gcpds |
| 690 | 07|aForests|2gcpds |
| 690 | 07|aParasites|2gcpds |
| 690 | 07|aMeasurement|2gcpds |
| 720 | 1 |aSafranyik, L. |
| 720 | 1 |aLinton, D. A. |
| 776 | 0#|tLine transect sampling to estimate the density of lodgepole pine currently attacked by mountain pine beetle / |w(CaOODSP)9.573076 |
| 830 | #0|aInformation report (Pacific Forestry Centre)|x0830-0453|vBC-X-392|w(CaOODSP)9.514663 |